=LDR 00000nam 2200000 4500 =001 INLIS000000000024073 =005 20130612122701 =008 ***********************************Ind** =035 ##$$0010-061300000024073 =041 ##$$a Ind =082 ##$$a 372.6 =090 ##$$a 372.6, Sim p =100 ##$$a Simpen AB, W =245 ##$$a Purwa aksara, Bacaan sekolah dasar, W.Simpen AB =260 ##$$a 1995 $b Denpasar =300 ##$$a ...hlm, ilus, 20 cm =650 ##$$a Pendidikan dasar-Bahasa bali =850 ##$$a NBPNMAT